Wohnen im Fertighaus

Na minha lista:
Detalhes bibliográficos
Formato: Livro
Idioma:alemão
Publicado em: Stuttgart : Fachschriften Verl, 1985
Tags: Adicionar Tag
Sem tags, seja o primeiro a adicionar uma tag!

MARC

LEADER 00000nam a22000003a 4500
001 stu29327
005 20150408175934.1
008 950613s1985----gw------------------ger-d
040 |a STU  |b slo 
041 0 |a ger 
044 |a gw 
080 |a 728.37 
245 |a Wohnen im Fertighaus 
260 |a Stuttgart :  |b Fachschriften Verl,  |c 1985 
300 |a 175 s 
996 |b 284V024503  |c V*36262/O-15116a  |l VVT  |s A  |a 24  |w stu29327_0001